<?xml version="1.0" encoding="UTF-8"?>
<record
    xmlns:xsi="http://www.w3.org/2001/XMLSchema-instance"
    xsi:schemaLocation="http://www.loc.gov/MARC21/slim http://www.loc.gov/standards/marcxml/schema/MARC21slim.xsd"
    xmlns="http://www.loc.gov/MARC21/slim">

  <leader>01693nam a2200205 a 4500</leader>
  <controlfield tag="008">180523t1999    ag ||||gr|||| 000 1 spa d</controlfield>
  <datafield tag="020" ind1=" " ind2=" ">
    <subfield code="a">9500419335</subfield>
  </datafield>
  <datafield tag="041" ind1=" " ind2=" ">
    <subfield code="a">spa</subfield>
  </datafield>
  <datafield tag="092" ind1=" " ind2=" ">
    <subfield code="c">808</subfield>
    <subfield code="l">13</subfield>
    <subfield code="s">COO</subfield>
  </datafield>
  <datafield tag="100" ind1="1" ind2=" ">
    <subfield code="a">Cook, Robin</subfield>
    <subfield code="9">3090</subfield>
  </datafield>
  <datafield tag="245" ind1=" " ind2=" ">
    <subfield code="a">Toxina /</subfield>
    <subfield code="c">Robin Cook</subfield>
  </datafield>
  <datafield tag="250" ind1=" " ind2=" ">
    <subfield code="a">1a ed.</subfield>
    <subfield code="b">Traducci&#xF3;n Raquel Albornoz</subfield>
  </datafield>
  <datafield tag="260" ind1=" " ind2=" ">
    <subfield code="a">Buenos Aires:</subfield>
    <subfield code="b">Emec&#xE9;;</subfield>
    <subfield code="c">1999.</subfield>
  </datafield>
  <datafield tag="300" ind1=" " ind2=" ">
    <subfield code="a">352 p.</subfield>
    <subfield code="c">23x15 cm.</subfield>
  </datafield>
  <datafield tag="500" ind1=" " ind2=" ">
    <subfield code="a">Cook, R. (1999). Toxina. (1a ed.). Buenos Aires : Emec&#xE9;.</subfield>
  </datafield>
  <datafield tag="505" ind1=" " ind2=" ">
    <subfield code="a">Cuando el Dr. Kim Reggis, eminente cirujano cardiovascular, lleva a su hija Becky a cenar en un local de comida r&#xE1;pida, no sabe que pone en marcha un tragedia que marcar&#xE1; su vida para siempre. Esa noche, Becky resulta gravemente intoxicada con la bacteria e.coli. Al llevarla de urgencia a la guardia del hospital, Reggis se enfrenta a las realidades de la medicina actual donde, con tal abaratar costos, nuevas regulaciones restringen el acceso a tratamientos que pueden salvar la vida de su hija. El estado de Becky empeora y Reggis no sabe qu&#xE9; hacer para detener el avance inexorable del mal. Enloquecido, decide investigar las causas de la intoxicaci&#xF3;n de su hija. Su b&#xFA;squeda lo lleva desde las s&#xF3;rdidas pr&#xE1;cticas de los mataderos hasta las maniobras pol&#xED;ticas de la industria de la carne y de los organismos estatales encargados de controlarla. Robin Cook, decanos de los novelistas de suspenso m&#xE9;dico, nos trae un thriller atrapante que es, adem&#xE1;s, un inquietante testimonio sobre la indefensi&#xF3;n del ciudadano com&#xFA;n ante los riesgos de la contaminaci&#xF3;n de los alimentos. </subfield>
  </datafield>
  <datafield tag="590" ind1=" " ind2=" ">
    <subfield code="a">Proyecto 4to libro. Donaci&#xF3;n Lara Victoria, Mayo 2018.</subfield>
  </datafield>
  <datafield tag="655" ind1=" " ind2=" ">
    <subfield code="a">Novela</subfield>
    <subfield code="9">3091</subfield>
  </datafield>
  <datafield tag="942" ind1=" " ind2=" ">
    <subfield code="2">ddc</subfield>
    <subfield code="c">LIT</subfield>
  </datafield>
  <datafield tag="999" ind1=" " ind2=" ">
    <subfield code="c">2788</subfield>
    <subfield code="d">2788</subfield>
  </datafield>
  <datafield tag="952" ind1=" " ind2=" ">
    <subfield code="0">0</subfield>
    <subfield code="1">0</subfield>
    <subfield code="2">ddc</subfield>
    <subfield code="4">0</subfield>
    <subfield code="7">0</subfield>
    <subfield code="8">FIC</subfield>
    <subfield code="a">BFM</subfield>
    <subfield code="b">BFM</subfield>
    <subfield code="c">CR</subfield>
    <subfield code="d">2018-05-24</subfield>
    <subfield code="e">Proyecto 4to. Donaci&#xF3;n Lara Victoria, Mayo 2018.</subfield>
    <subfield code="l">5</subfield>
    <subfield code="m">2</subfield>
    <subfield code="o">808 13 COO</subfield>
    <subfield code="p">4279</subfield>
    <subfield code="r">2024-04-03</subfield>
    <subfield code="s">2024-03-19</subfield>
    <subfield code="t">Ej. 1</subfield>
    <subfield code="w">2018-05-24</subfield>
    <subfield code="y">LIT</subfield>
    <subfield code="z">Proyecto 4to Libro. Donaci&#xF3;n Lara Victoria, Mayo 2018.</subfield>
  </datafield>
</record>
